Sports Quiz

Random Sports or Clickable Quiz

Kenny Lofton Games Played Quiz Stats

 Plays Quiz not verified by Sporcle

Also try: Sport by Numbers
Challenge
Share
Tweet
Embed
Score 0/11 Timer 02:00
0 Plays Today
% Correct
Cleveland Indians
95.8%
Atlanta Braves
64.2%
New York Yankees
40%
Houston Astros
36.8%
Pittsburgh Pirates
32.6%
Los Angeles Dodgers
31.6%
Philadelphia Phillies
28.4%
Texas Rangers
28.4%
San Francisco Giants
26.3%
Chicago Cubs
24.2%
Chicago White Sox
21.1%

You're not logged in!

Compare scores with friends on all Sporcle quizzes.
Join for Free
OR
Log In

You Might Also Like...

Show Comments

Extras

Top Quizzes Today


Score Distribution

Your Account Isn't Verified!

In order to create a playlist on Sporcle, you need to verify the email address you used during registration. Go to your Sporcle Settings to finish the process.

Report this User

Report this user for behavior that violates our Community Guidelines.

Details: